000 00418cam a22001217a 4500
008 180718b1965 xxu||||| |||| 00| 0 eng d
082 _aA81x54 In2/61/14/PT5A
100 _aCensus of India 1961
245 _aRajasthan: special tables for scheduled castes and scheduled tribes
260 _aDelhi
_bThe Manager of Publications
_c1965
300 _a474+p.
440 _aCensus of India 1961. Volume XIV, Rajasthan. Part V-A
999 _c484369
_d484369